Statistics for Τυχαία Γρήγορη Πληκτρολόγηση

Click here to take the quiz!

General Stats

  • This quiz has been taken 310 times
  • The average score is 24 of 24

Answer Stats

HintAnswer% Correct
ΖΖ
100%
ΑΑ
99%
ΙΙ
99%
ΒΒ
99%
ΜΜ
99%
ΛΛ
99%
ΝΝ
99%
ΘΘ
99%
ΕΕ
99%
ΗΗ
99%
ΣΣ
98%
ΨΨ
98%
ΧΧ
98%
ΦΦ
98%
ΥΥ
98%
ΤΤ
98%
ΠΠ
98%
ΡΡ
98%
ΟΟ
98%
ΞΞ
98%
ΓΓ
98%
ΔΔ
98%
ΚΚ
98%
ΩΩ
98%

Score Distribution

Percentile by Number Answered

Percent of People with Each Score

Your Score History

You have not taken this quiz